00557nam a22001817a 450000500170000001000150001702000290003202000320006103500130009303700130010608200180011924500590013726000450019627000610024130000320030265000210033465000200035520100818145727.0 aENG-100733 a0195696506c995.00 (Set) a9780195696509c995.00 (Set) aEN-84266 bDBAD/PUB a338.954009051 aEleventh five year plan (2007-2012) :bsocial sector / aNew DelhibOxford University Pressc2008 aYMCA Library Building, Jai Singh RoadbNew Delhie110001 av.2 (xv, 219p.)c27cm (pbk) aEconomic history aEconomic policy